| 000 | 00887nas a2200301 4500 | ||
|---|---|---|---|
| 001 | BR2014006804 | ||
| 003 | BR-BrBNA | ||
| 005 | 20231205124651.0 | ||
| 007 | ta | ||
| 008 | 230509b bl.|||p| |||| 00| 00por d | ||
| 040 |
_aBR-BrBNA _bpor _cBiblioteca Nacional de Agricultura |
||
| 041 | _a(En) | ||
| 072 | _aF08; F61 | ||
| 100 | 1 | _aBaron, D. | |
| 100 | 1 | _aFerreira, G. | |
| 100 | 1 | _aRodrigues, J.D. | |
| 100 | 1 | _aMacedo, A.C. | |
| 100 | 1 | _aAmaro, A.C.E. | |
| 245 | 1 | _aGas exchanges in annonaceae species under different crop protections | |
| 650 | _aARATICUM | ||
| 650 | _aBIRIBA | ||
| 650 | _aCHERIMOIA | ||
| 650 | _aFOTOSSÍNTESE | ||
| 650 | _aCONDIÇÃO AMBIENTAL | ||
| 773 | 0 |
_tRevista Brasileira de Fruticultura (Brazil) _xISSN 0100-2945 _g(Feb 2014), v. 36(ed. esp.) p. 243-250 _wBR2014006804 |
|
| 909 |
_a202311 _bLúcia _c55 _dLúcia Elande |
||
| 942 |
_2AGRIS _n0 _cANA |
||
| 999 |
_c240279 _d240279 |
||